000 00403nam a2200169Ia 4500
008 221030s9999 xx 000 0 und d
020 _a8129700867
041 _aEnglish
082 _a105.23
_bRen
100 _aB. Render
245 0 _aQuantitative Analysis For Management
260 _bPearson Education
_aDelhi
_c2005
300 _a750
650 _aManagement
700 _aM. S. Ralph
942 _cBK
999 _c135
_d135